000
00304nam a22001337a 4500
003
SGT
082
_a
615.321
_b
G15S
100
_a
SINGH, THAKUR BALWANT
245
_a
GLOSSORY OF VEGETABLE DRUGS IN BRHATTRAY
260
_a
VARANASI
_b
CHAUKHAMBHA
_c
2015
300
_a
544
650
_a
DRUGS
942
_2
ddc
_c
BK
999
_c
8525
_d
8525